000 00579nam a2200217Ia 4500
003 OSt
005 20251211143953.0
008 210707s1982 xx 000 0 und d
040 _cAL
041 _aKannada
082 _aK894.3 GITN
100 _aGITA KULAKARNI
_dಗೀತಾ ಕುಲಕರ್ಣಿ
_9248870
245 _aNula eni.
_bನೂಲ ಏಣಿ
260 _aBengaluru
_bVishva Kaannada Sammelana
_c1982
300 _aiv,244 p
365 _b2
_cINR
563 _aPB
650 _aKannada Fiction
_9248871
650 _a Noola Yeni
_9248872
942 _2ddc
_cBK
999 _c180141
_d180141